República Dominicana; Informe de investigación, preliminar
Sparad:
| Huvudupphovsman: | |
|---|---|
| Institutionell upphovsman: | |
| Materialtyp: | Text |
| Publicerad: |
Santo Domingo:
FLACSO
|
| Taggar: |
Lägg till en tagg
Inga taggar, Lägg till första taggen!
|
MARC
| LEADER | 00000 a a2200000 04500 | ||
|---|---|---|---|
| 001 | 23703 | ||
| 003 | |||
| 040 | |||
| 090 | |a 165900 | ||
| 100 | |a Quiterio, Gisela | ||
| 110 | |a Facultad Latinoamericana de Ciencias Sociales. Proyecto Mujer Latinoamericanas en Cifras | ||
| 245 | |a República Dominicana; Informe de investigación, preliminar | ||
| 260 | |a Santo Domingo: |b FLACSO | ||
| 300 | |a 85, 100 p. |b **no definido** | ||
| 999 | |c 15968 |d 15968 | ||
